00994cam a2200241 450000500170000000800410001702000180005805000200007610000210009624500940011726000520021130000210026344000180028450000170030250000260031950400270034565000450037265000450041794200130046299900170047595201300049295201300062220160629133643.0 1988 a spa  a968-16-3003-3 4aTJ165bB39 19881 aBazán, Gerardo 0aTransporte y energía : consumo de energía en el sector transporte /cGerardo Bazán. aMéxico :bFondo de Cultura Económica,c1988 a132 p. ;c17 cm. 0aPopular ; 390 a2 ejemplares aRec. Propios. Escuela aIncluye bibliografía 4aTransportesxMexicoxEnergia, Consumo de 4aTransportesxMexicoxEnergiaxConduccion 2lcccLIB c87580d87580 102lcc4070aLIC-032bLIC-032cGENERALd2016-06-29f1a. ed.kCAoTJ165 B39 1988pBFB000005483r2016-06-29 00:00:00tC:2yLIB 102lcc4078aLIC-032bLIC-032cGENERALd2016-06-29f1a. ed.kCAoTJ165 B39 1988pBFB000005482r2016-06-29 00:00:00tC:1yLIB